| 000 | 00447nam a2200121Ia 4500 | ||
|---|---|---|---|
| 005 | 20260328101516.0 | ||
| 008 | 260328s9999||||xx |||||||||||||| ||und|| | ||
| 100 | _aUnión Internacional de Arquitectos | ||
| 245 | 0 |
_aLa Arquitectura en los Países en vías de Desarrollo : _b Séptimo Congreso de la Unión Internacional de Arquitectos - Vol. 1 / _cUnión Internacional de Arquitectos |
|
| 260 | _b---- | ||
| 650 | _aARQUITECTURA REGIONAL | ||
| 942 | _cBK | ||
| 999 |
_c9372 _d9372 |
||